Clic rápido - Estadísticas

Estadísticas generales
  • Esta prueba ha sido intentada 92 veces
  • La puntuación promedio es 17 de 35
Estadísticas de respuestas
Hint Respuesta % Correcto
F F
96%
B B
94%
I I
91%
3 3
85%
Q Q
85%
4 4
83%
A A
83%
D D
83%
P P
83%
U U
83%
N N
81%
O O
79%
J J
72%
6 6
68%
X X
68%
8 8
66%
Y Y
64%
7 7
60%
Z Z
55%
S S
47%
K K
43%
T T
34%
1 1
30%
E E
21%
W W
19%
M M
11%
5 5
9%
G G
9%
V V
6%
9 9
4%
H H
4%
L L
4%
2 2
2%
C C
2%
R R
2%
No se encontraron pruebas coincidentes
Distribución de puntuación
Porcentaje de gente con cada puntuación
Porcentaje por número respondido
Historial de tus puntuaciones
No has intentado esta prueba.